=LDR 00000nam 2200000 4500 =001 INLIS000000000012788 =005 20130612104257 =008 ***********************************Ind** =035 ##$$0010-061300000012788 =041 ##$$a Ind =082 ##$$a 615.8 =090 ##$$a 615.8, Mor m =100 ##$$a Morgan, Hyle W =245 ##$$a Mengobati Cendra olah raga secara alamiah, Hyle W.Morgan ; alih bahasa Wendrea Ali =260 ##$$a 1973 $b Jakarta =300 ##$$a 122 hlm, Ilus, 20 cm =650 ##$$a Pengobatan =850 ##$$a NBPNMAT